Close-Up 'T' Images Quiz Stats

 Plays Quiz Updated Nov 2, 2016

Challenge
Share
Tweet
Score 0/20 Timer 03:00
3 Plays Today
Hint Answer % Correct
Telephone
98.2%
Tiger
97.5%
Toaster
97.1%
Tooth
95.8%
Telescope
95.7%
Tulip
95.2%
Tank
95%
Track
93.5%
Thermometer
92.5%
Typewriter
91.3%
Hint Answer % Correct
Towel
86%
Trombone
83%
Turnip
80.3%
Tambourine
79.9%
Tassels
70%
Turkey
69.3%
Thorn
66.6%
Tiramisu
65.4%
Toad
60.3%
Turquoise
55.6%

You're not logged in!

Compare scores with friends on all Sporcle quizzes.
OR
Log In

You Might Also Like...

Show Comments

Extras

Top Quizzes Today


Score Distribution

Your Account Isn't Verified!

In order to create a playlist on Sporcle, you need to verify the email address you used during registration. Go to your Sporcle Settings to finish the process.

Report this User

Report this user for behavior that violates our Community Guidelines.

Details: